[Event "ICS rated blitz match"]
[Site "204.178.125.65"]
[Date "1999.12.15"]
[Round "?"]
[White "Hossa"]
[Black "GaryG"]
[Result "0-1"]
[WhiteElo "2438"]
[BlackElo "2639"]
[PlyCount "140"]

1. e4 c5 2. c3 e5 3. Nf3 Nc6 4. Bb5 Nf6 5. O-O Qb6 6. Bxc6 dxc6 7. Nxe5 Qc7 8.
f4 Bd6 9. d3 Be6 10. Na3 O-O-O 11. Qa4 Kb8 12. Nac4 Bxc4 13. Nxc4 Ng4 14. Qd1
f5 15. e5 Be7 16. h3 Nh6 17. Qe2 g6 18. Be3 Rhe8 19. Rad1 b5 20. Nd2 Qb6 21. b4
Qa6 22. Bxc5 Bxc5+ 23. bxc5 Qxa2 24. d4 Nf7 25. Ra1 Qd5 26. Ra6 Re6 27. Nf3 Rd7
28. Qb2 h6 29. Rf2 Rb7 30. Qa3 g5 31. fxg5 hxg5 32. Qa5 g4 33. hxg4 fxg4 34.
Ng5 Ree7 35. Rf4 Rbc7 36. Ne4 Qb3 37. Nd6 Qd1+ 38. Rf1 Qd3 39. Nf5 g3 40. Qa2
Re8 41. Qa1 Nxe5 42. dxe5 Rxe5 43. Nxg3 Qxg3 44. Rf8+ Rc8 45. Rxc8+ Kxc8 46.
Rxc6+ Kb8 47. Rc8+ Kb7 48. Rc7+ Kxc7 49. Qxa7+ Kc6 50. Qb6+ Kd5 51. Qd8+ Kc4
52. Qd4+ Kb3 53. Qd1+ Kxc3 54. Qa1+ Kc4 55. Qc1+ Kb4 56. Qb1+ Kxc5 57. Qc1+ Kd4
58. Qd1+ Qd3 59. Qg4+ Kc3 60. Kh2 Re7 61. Qc8+ Kd2 62. Qc5 Qh7+ 63. Kg3 Qg6+
64. Kh2 Qh6+ 65. Kg3 Rg7+ 66. Kf3 Rf7+ 67. Ke4 Qg6+ 68. Kd4 Rf4+ 69. Ke5 Re4+
70. Kd5 Qe6# 0-1

[Event "ICS rated blitz match"]
[Site "204.178.125.65"]
[Date "1999.12.15"]
[Round "?"]
[White "robbok1"]
[Black "Hossa"]
[Result "0-1"]
[WhiteElo "2438"]
[BlackElo "2430"]
[PlyCount "126"]

1. e4 c5 2. d4 cxd4 3. c3 Nf6 4. e5 Nd5 5. Bc4 Nb6 6. Bb3 dxc3 7. Nxc3 Nc6 8.
Nf3 d6 9. O-O Na5 10. Bc2 d5 11. Nd4 e6 12. Qg4 Nac4 13. Re1 h5 14. Qg3 h4 15.
Qd3 h3 16. b3 Na3 17. Bd1 hxg2 18. Kxg2 Qh4 19. Nf3 Qh5 20. Kh1 Bb4 21. Bd2 Bd7
22. Rg1 Bxc3 23. Bxc3 g6 24. Bb4 Nb5 25. a4 Nc7 26. Bd6 Na6 27. Rc1 Rc8 28. Be2
Rxc1 29. Rxc1 Nc8 30. Rxc8+ Bxc8 31. Qc3 Bd7 32. Bb5 Nc5 33. Bxd7+ Kxd7 34.
Bxc5 Rc8 35. Qe3 Rxc5 36. Qxc5 Qxf3+ 37. Kg1 Qd1+ 38. Kg2 Qg4+ 39. Kf1 Qh3+ 40.
Ke1 Qh8 41. Qd6+ Kc8 42. Qc5+ Kb8 43. Qd6+ Ka8 44. Kd2 a6 45. a5 g5 46. h3 Qe8
47. Qc5 Qd8 48. Qb6 Qc8 49. Qd6 Qh8 50. Qc7 f6 51. Qe7 fxe5 52. Qxg5 e4 53. h4
Qb2+ 54. Ke1 Qa1+ 55. Ke2 Qxa5 56. h5 Qa2+ 57. Qd2 Qxb3 58. h6 Qf3+ 59. Kf1
Qh1+ 60. Ke2 Qh5+ 61. Kf1 Qh3+ 62. Ke2 Qh4 63. Qd1 Qh5+ 0-1

[Event "ICS rated standard match"]
[Site "204.178.125.65"]
[Date "1999.12.15"]
[Round "?"]
[White "netpi"]
[Black "Hossa"]
[Result "1-0"]
[WhiteElo "2452"]
[BlackElo "2222"]
[PlyCount "137"]

1. e4 c5 2. Nf3 Nc6 3. Nc3 g6 4. d4 Bg7 5. Be3 cxd4 6. Nxd4 Nf6 7. Nxc6 bxc6 8.
e5 Ng8 9. f4 f6 10. Qd4 fxe5 11. fxe5 d6 12. Bf4 Bf5 13. Qa4 dxe5 14. Be3 Qc7
15. O-O-O Nf6 16. h3 O-O 17. Bc4+ Kh8 18. g4 Bc8 19. Rhf1 Bb7 20. Be6 a5 21. g5
Nd5 22. Nxd5 cxd5 23. Rxf8+ Rxf8 24. Bxd5 Bxd5 25. Rxd5 e4 26. Rd1 Qe5 27. c3
Qf5 28. h4 Kg8 29. Qc4+ e6 30. Kc2 Be5 31. Rd7 Bh8 32. Rd6 Re8 33. Qc6 Qf7 34.
Rd7 Qf5 35. Ra7 Rf8 36. Qc7 Rf7 37. Ra8+ Rf8 38. Rxa5 Qf1 39. Ra7 Qf7 40. Qxf7+
Rxf7 41. Ra4 e5 42. Rxe4 Rf1 43. Rc4 Re1 44. Rc8+ Kg7 45. Bc5 Ra1 46. Bd6 e4
47. Be5+ Kf7 48. Rxh8 Rxa2 49. Rxh7+ Ke6 50. Bb8 Ra8 51. Ba7 Rf8 52. Rg7 Kf5
53. Re7 Rh8 54. Bf2 Kf4 55. Re6 Kf3 56. Be1 Rg8 57. Rf6+ Ke2 58. Bg3 Rg7 59. b4
Ke3 60. b5 Rh7 61. b6 Rb7 62. Bc7 Ke2 63. h5 e3 64. h6 Ke1 65. h7 Rxc7 66. h8=Q
Rh7 67. Qxh7 Ke2 68. Qh3 Ke1 69. Qf1# 1-0

[Event "ICS rated blitz match"]
[Site "204.178.125.65"]
[Date "1999.12.15"]
[Round "?"]
[White "WhiteCastles"]
[Black "Hossa"]
[Result "1-0"]
[WhiteElo "2812"]
[BlackElo "2446"]
[PlyCount "89"]

1. e4 e5 2. Nf3 d6 3. d4 Nd7 4. Bc4 c6 5. O-O Be7 6. dxe5 dxe5 7. Ng5 Nh6 8.
Ne6 fxe6 9. Bxh6 Nb6 10. Qh5+ g6 11. Qe2 Qd4 12. Nd2 Qxb2 13. Nb3 Bf8 14. Bg5
Bb4 15. a3 Nxc4 16. Qxc4 Qc3 17. Qxb4 Qxb4 18. axb4 Rf8 19. Ra5 Kf7 20. Rfa1 a6
21. Rxe5 Kg7 22. Nc5 Re8 23. Rd1 h6 24. Bd8 g5 25. f3 Kf7 26. Kf2 Rg8 27. Rd6
g4 28. f4 Rf8 29. Kg3 Rh8 30. f5 exf5 31. Re7+ Kg8 32. Rg6+ Kf8 33. Rf6+ Kg8
34. exf5 a5 35. Bxa5 b6 36. Bxb6 Bxf5 37. Rxf5 Rh7 38. Re6 Ra3+ 39. Nd3 h5 40.
Re8+ Kg7 41. Bd4+ Kg6 42. Rf6+ Kg7 43. Rff8+ Kg6 44. Re6+ Kg5 45. Be3# 1-0

[Event "ICS rated blitz match"]
[Site "204.178.125.65"]
[Date "1999.12.15"]
[Round "?"]
[White "Hossa"]
[Black "WhiteCastles"]
[Result "1/2-1/2"]
[WhiteElo "2443"]
[BlackElo "2815"]
[PlyCount "172"]

1. e4 e5 2. Nf3 Nc6 3. d4 exd4 4. Bc4 Nf6 5. e5 Ng4 6. O-O Qe7 7. Re1 Qc5 8.
Qe2 Be7 9. h3 Nh6 10. Nbd2 Na5 11. Qd3 O-O 12. Nxd4 d5 13. exd6 Bxd6 14. Bb5 a6
15. Ne4 Qe5 16. f4 Qh5 17. Nxd6 cxd6 18. Ba4 b5 19. Bb3 Nxb3 20. axb3 Bf5 21.
Qe2 Qg6 22. Nc6 Kh8 23. Ne7 Qf6 24. Qd2 Rfe8 25. Nxf5 Rxe1+ 26. Qxe1 Qxf5 27.
Qe2 d5 28. c4 dxc4 29. bxc4 Qc5+ 30. Be3 Qxc4 31. Qf3 Qc8 32. Bf2 a5 33. Qd5
Rb8 34. Qd6 Qd8 35. Qxd8+ Rxd8 36. Rxa5 Rd1+ 37. Kh2 Rd2 38. Bc5 Rxb2 39. Ra8+
Ng8 40. Ra7 Rc2 41. Bf8 Nh6 42. Ra8 f6 43. Rb8 Kg8 44. Ba3+ Kf7 45. Rxb5 Kg6
46. Rc5 Ra2 47. Bc1 Nf5 48. Rd5 h5 49. Bd2 h4 50. Kg1 Ng3 51. Kf2 Ne4+ 52. Ke3
f5 53. Rd8 Rb2 54. Rd7 Kh5 55. Rd5 Rb3+ 56. Ke2 g5 57. fxg5 Kg6 58. Rd4 Rb2 59.
Kd1 Nxd2 60. Rxd2 Rb3 61. Kc2 Re3 62. Rd3 Re5 63. Kd2 Kxg5 64. Ra3 f4 65. Ra7
Kg6 66. Ra8 Re6 67. Rh8 Kg5 68. Rg8+ Kf5 69. Rf8+ Rf6 70. Rxf6+ Kxf6 71. Kd3
Ke5 72. Ke2 Ke4 73. Kf2 Ke5 74. Ke2 Ke6 75. Kf2 Kf6 76. Ke1 Kg5 77. Ke2 Kf6 78.
Kd3 Kf5 79. Kd4 f3 80. gxf3 Kf4 81. Kd5 Kxf3 82. Ke5 Ke3 83. Kd5 Kf4 84. Kd4
Kf5 85. Kd5 Kf4 86. Kd4 Kf5 1/2-1/2

[Event "ICS rated blitz match"]
[Site "204.178.125.65"]
[Date "1999.12.15"]
[Round "?"]
[White "Hossa"]
[Black "MissSilicon"]
[Result "1/2-1/2"]
[WhiteElo "2456"]
[BlackElo "2685"]
[PlyCount "197"]

1. e4 c5 2. Nf3 e6 3. d4 cxd4 4. Nxd4 Nc6 5. Nc3 a6 6. Be2 Qc7 7. Be3 b5 8. a3
Nf6 9. O-O Nxd4 10. Qxd4 Bd6 11. f4 e5 12. Qd2 Bb7 13. Rad1 exf4 14. Bxf4 Bxf4
15. Qxf4 Qc5+ 16. Rf2 O-O 17. e5 Nd5 18. Nxd5 Bxd5 19. b4 Qc6 20. Qd4 Be4 21.
Bg4 Bxc2 22. Rc1 Qe4 23. Qxe4 Bxe4 24. Bxd7 Bd5 25. Rc5 Bc4 26. Rc7 a5 27. bxa5
Rxa5 28. Rf3 Rfa8 29. Bxb5 Bxb5 30. Rfxf7 Bd3 31. Rxg7+ Kh8 32. Rgd7 Rxa3 33.
h3 Rg8 34. g4 Bf5 35. Rf7 Bg6 36. Rfd7 Rxh3 37. Kf2 Rf8+ 38. Ke2 h5 39. gxh5
Bxh5+ 40. Ke1 Rh1+ 41. Kd2 Rd1+ 42. Kc3 Rf3+ 43. Kc4 Rf4+ 44. Kc3 Rc1+ 45. Kd3
Bg6+ 46. Kd2 Rxc7 47. Rxc7 Re4 48. e6 Rxe6 49. Rc8+ Kg7 50. Rc7+ Kf6 51. Kc3
Rd6 52. Rc4 Ke5 53. Rc5+ Ke4 54. Rc4+ Ke3 55. Rg4 Bf5 56. Rg3+ Ke4 57. Kc4 Be6+
58. Kc5 Rd5+ 59. Kc6 Bd7+ 60. Kb7 Bf5 61. Kc6 Kd4 62. Rf3 Be4 63. Rb3 Kc4 64.
Re3 Re5+ 65. Kd6 Kd4 66. Re2 Rd5+ 67. Ke6 Bf5+ 68. Kf6 Bd3 69. Rd2 Rf5+ 70. Ke6
Re5+ 71. Kf6 Rc5 72. Rd1 Rf5+ 73. Ke6 Re5+ 74. Kf6 Re4 75. Rd2 Rf4+ 76. Ke6 Ke3
77. Rg2 Bc4+ 78. Ke5 Re4+ 79. Kf5 Kd4 80. Rd2+ Bd3 81. Kf6 Ke3 82. Rd1 Rf4+ 83.
Ke5 Ra4 84. Re1+ Be2 85. Kd5 Rd4+ 86. Ke5 Re4+ 87. Kd5 Kf4 88. Kc5 Rc4+ 89. Kd5
Rc2 90. Kd4 Rd2+ 91. Kc3 Ke3 92. Rg1 Rd3+ 93. Kb4 Rd5 94. Rg3+ Kd4 95. Kb3 Rb5+
96. Kc2 Ke4 97. Kc3 Rc5+ 98. Kd2 Bf3 99. Rg1 1/2-1/2

[Event "ICS rated blitz match"]
[Site "204.178.125.65"]
[Date "1999.12.15"]
[Round "?"]
[White "SuperChicken"]
[Black "Hossa"]
[Result "1-0"]
[WhiteElo "2652"]
[BlackElo "2465"]
[PlyCount "175"]

1. e4 e5 2. Nf3 Nc6 3. Bb5 a6 4. Ba4 Nf6 5. O-O Be7 6. Re1 b5 7. Bb3 d6 8. c3
O-O 9. h3 Na5 10. Bc2 c5 11. d4 Qc7 12. Nbd2 cxd4 13. cxd4 Nc6 14. Nb3 Bb7 15.
Bg5 h6 16. Bd2 a5 17. Rc1 a4 18. d5 axb3 19. Bxb3 Rfc8 20. Re3 Ra6 21. Bb4 Bf8
22. Ne1 Ba8 23. dxc6 Rxc6 24. Nc2 Qb6 25. Qd2 Be7 26. Qd3 R6c7 27. Qe2 Bf8 28.
Bc3 Qb7 29. f3 Qb6 30. Qd2 Rc5 31. Ba5 Qa7 32. Bb4 d5 33. Bxc5 Bxc5 34. Kf1
Bxe3 35. Nxe3 Rxc1+ 36. Qxc1 dxe4 37. Qc8+ Kh7 38. Qf5+ Kh8 39. Qc8+ Ng8 40.
Kf2 exf3 41. gxf3 Kh7 42. Qf5+ g6 43. Qxe5 Qd7 44. Bd5 Bxd5 45. Qxd5 Qe8 46.
Qd6 Qc8 47. h4 Qh3 48. Qd4 Qh2+ 49. Kf1 h5 50. Nd5 Qc2 51. a3 f5 52. Nf4 Qc6
53. Kf2 Qc7 54. Ne6 Qh2+ 55. Ke3 Qg1+ 56. Ke2 Qg2+ 57. Qf2 Qxf2+ 58. Kxf2 Ne7
59. Nd4 f4 60. Kg2 Nd5 61. Nxb5 Ne3+ 62. Kh3 g5 63. hxg5 Kg6 64. a4 Kxg5 65. a5
Nc4 66. b4 Kf5 67. Nd4+ Ke5 68. Ne2 Ne3 69. Kh4 Kd6 70. Nxf4 Kc6 71. Kxh5 Kb5
72. Kg5 Kxb4 73. a6 Nc4 74. Nd5+ Kb3 75. a7 Nd2 76. f4 Nf3+ 77. Kf6 Nd2 78.
a8=Q Ne4+ 79. Ke5 Nf2 80. Qb7+ Kc2 81. Nb4+ Kd2 82. Qg2 Kc3 83. Nd5+ Kc4 84.
Qxf2 Kb5 85. Qd4 Kc6 86. Qb6+ Kd7 87. Qc7+ Ke8 88. Qe7# 1-0

[Event "ICS rated blitz match"]
[Site "204.178.125.65"]
[Date "1999.12.17"]
[Round "?"]
[White "Hossa"]
[Black "Rabbit-Basher"]
[Result "1-0"]
[WhiteElo "2447"]
[BlackElo "2201"]
[PlyCount "69"]

1. e4 c5 2. Nf3 d6 3. d4 cxd4 4. Nxd4 Nf6 5. Nc3 Nc6 6. Be3 e6 7. Bb5 Bd7 8.
Ba4 a6 9. Qd3 Ne5 10. Bxd7+ Qxd7 11. Qe2 Rc8 12. Bd2 Nc4 13. Rb1 Be7 14. O-O
O-O 15. Rfd1 Qc7 16. Bg5 h6 17. Bh4 Nxb2 18. Rxb2 Qxc3 19. Rxb7 Rc7 20. Qxa6
Rfc8 21. f3 Bd8 22. Rb3 Qc5 23. Rb5 Qc3 24. a4 Rc4 25. Bf2 Qa3 26. a5 d5 27. e5
Nd7 28. Qd6 Qxd6 29. exd6 Ra4 30. Be1 Kf8 31. Bb4 Ke8 32. c3 Ra8 33. Nb3 Ra2
34. Rd2 Rxd2 35. Nxd2 1-0

[Event "ICS rated blitz match"]
[Site "204.178.125.65"]
[Date "1999.12.18"]
[Round "?"]
[White "Hossa"]
[Black "Rabbit-Basher"]
[Result "1-0"]
[WhiteElo "2470"]
[BlackElo "2178"]
[PlyCount "62"]

1. e4 c5 2. Nf3 d6 3. d4 cxd4 4. Nxd4 Nf6 5. Nc3 Nc6 6. Be3 e6 7. Bb5 Bd7 8.
Ba4 a6 9. Qd3 Ne5 10. Bxd7+ Nfxd7 11. Qe2 Rc8 12. O-O Be7 13. Rfd1 Qc7 14. Rab1
O-O 15. Bf4 b5 16. Qe3 Nc4 17. Qg3 Nde5 18. Nce2 Bf6 19. c3 Rfd8 20. b3 Nb6 21.
Qe3 d5 22. Rd2 dxe4 23. Qxe4 Nd5 24. Rbd1 Nxc3 25. Nxc3 Qxc3 26. Nxb5 Qb2 27.
Nd6 Rc1 28. Qe1 Rxd1 29. Qxd1 Qa3 30. Bxe5 Bxe5 31. Nc4 Rxd2 1-0

[Event "ICS rated standard match"]
[Site "204.178.125.65"]
[Date "1999.12.18"]
[Round "?"]
[White "robbok1"]
[Black "Hossa"]
[Result "0-1"]
[WhiteElo "2516"]
[BlackElo "2215"]
[PlyCount "46"]

1. e4 d5 2. exd5 Qxd5 3. Nc3 Qa5 4. d4 Nf6 5. Nf3 Bf5 6. Bc4 c6 7. Bd2 Qb6 8.
Bb3 e6 9. Qe2 Be7 10. O-O-O O-O 11. h3 Rd8 12. g4 Bg6 13. Bf4 Nd5 14. Nxd5 cxd5
15. Ne5 Nc6 16. Nxg6 hxg6 17. c3 g5 18. Bg3 Rac8 19. Bc2 Na5 20. Qd3 g6 21.
Rde1 Nc4 22. Ba4 Qxb2+ 23. Kd1 Qxa2 0-1

[Event "ICS rated standard match"]
[Site "204.178.125.65"]
[Date "1999.12.18"]
[Round "?"]
[White "Hossa"]
[Black "robbok1"]
[Result "1-0"]
[WhiteElo "2242"]
[BlackElo "2489"]
[PlyCount "133"]

1. e4 c5 2. Nf3 Nc6 3. Nc3 e6 4. d4 cxd4 5. Nxd4 Qb6 6. Ndb5 Bc5 7. Qd2 Be7 8.
Qe3 Qa5 9. Qg3 Kf8 10. Bd3 a6 11. Nd6 Ne5 12. Nxc8 Rxc8 13. O-O h5 14. Bf4 h4
15. Qh3 Nf6 16. Rfd1 d6 17. a3 Kg8 18. Be2 Qb6 19. Rab1 Qc6 20. Rd4 b5 21. Rbd1
Qb7 22. R1d2 Nc6 23. R4d3 Ne5 24. Bxe5 dxe5 25. Qf3 h3 26. g3 Qc7 27. Bf1 Bc5
28. g4 Rh6 29. Kh1 Rg6 30. Bxh3 Bd4 31. Nd1 Qc6 32. Re2 a5 33. Rdd2 a4 34. c3
Bb6 35. Re1 Kf8 36. Qe2 Rh6 37. Bf1 Rh4 38. Qxb5 Rxg4 39. Qxc6 Rxc6 40. Bb5
Rxe4 41. Rxe4 Nxe4 42. Bxc6 Nxd2 43. Bxa4 Ke7 44. Bc2 Kd6 45. b4 e4 46. a4 Kc6
47. a5 Bc7 48. Ba4+ Kb7 49. Be8 f6 50. Bf7 e5 51. Ne3 Ka6 52. c4 Bd6 53. c5 Bb8
54. c6 Kb5 55. Be8 Ka6 56. Nd5 Nc4 57. c7 Bxc7 58. Nxc7+ Kb7 59. Ne6 e3 60.
fxe3 Nxe3 61. Nxg7 f5 62. b5 Kc7 63. b6+ Kb7 64. Bb5 f4 65. Ne6 Kb8 66. a6 Ng4
67. Bc6 1-0

[Event "ICS Rated standard match"]
[Site "204.178.125.65"]
[Date "1999.12.18"]
[Round "?"]
[White "Hossa"]
[Black "caralva"]
[Result "1-0"]
[WhiteElo "2268"]
[BlackElo "2117"]
[PlyCount "26"]

1. e4 c5 2. Nf3 e6 3. c3 Nf6 4. e5 Nd5 5. d4 Nc6 6. dxc5 Bxc5 7. b4 Be7 8. b5
Na5 9. Qa4 O-O 10. c4 Bb4+ 11. Nbd2 Bc3 12. Rb1 Nf4 13. Qa3 Nxc4 1-0

[Event "ICS rated blitz match"]
[Site "204.178.125.65"]
[Date "1999.12.18"]
[Round "?"]
[White "smash"]
[Black "Hossa"]
[Result "0-1"]
[WhiteElo "2270"]
[BlackElo "2475"]
[PlyCount "80"]

1. d4 Nf6 2. c4 e6 3. Nc3 Bb4 4. Bg5 c5 5. d5 e5 6. Qc2 d6 7. e3 Bg4 8. Bd3 h6
9. Bh4 g5 10. Bg3 Nh5 11. Nge2 Nxg3 12. Nxg3 h5 13. Bf5 Nd7 14. O-O Bxc3 15.
Qxc3 Nf6 16. f3 h4 17. fxg4 hxg3 18. hxg3 b5 19. e4 Rb8 20. cxb5 Rxb5 21. Rac1
a6 22. b3 Ng8 23. Qe3 Nh6 24. a3 Rb8 25. Rb1 Rb7 26. b4 c4 27. Rbc1 Nxf5 28.
Rxf5 f6 29. Rxc4 Rbh7 30. Rc6 Rh1+ 31. Kf2 Ra1 32. Rxa6 Rhh1 33. Qe2 Qd7 34.
Ra5 Ke7 35. Qc4 Rae1 36. a4 Qb7 37. Rc5 Rhf1+ 38. Qxf1 Rxf1+ 39. Kxf1 dxc5 40.
bxc5 Qb1+ 0-1

[Event "ICS rated blitz match"]
[Site "204.178.125.65"]
[Date "1999.12.18"]
[Round "?"]
[White "Hossa"]
[Black "ljb"]
[Result "1-0"]
[WhiteElo "2483"]
[BlackElo "2193"]
[PlyCount "51"]

1. e4 e6 2. d4 d5 3. Nc3 Nf6 4. e5 Nfd7 5. Nce2 c5 6. Nf3 Nc6 7. c3 a6 8. Nf4
Be7 9. Be3 c4 10. Be2 b5 11. O-O O-O 12. b3 f5 13. Nxe6 Qb6 14. bxc4 bxc4 15.
Nxf8 Nxf8 16. Rb1 Qa5 17. Qc2 g6 18. Bh6 Ne6 19. Bd1 Bd7 20. Re1 Ra7 21. Re3
Kf7 22. Qb2 Bc8 23. Qb6 Qxa2 24. Re2 Qxe2 25. Bxe2 Rb7 26. Qxb7 1-0

[Event "ICS rated blitz match"]
[Site "204.178.125.65"]
[Date "1999.12.18"]
[Round "?"]
[White "ljb"]
[Black "Hossa"]
[Result "0-1"]
[WhiteElo "2188"]
[BlackElo "2488"]
[PlyCount "29"]

1. e4 d5 2. exd5 Qxd5 3. Nc3 Qa5 4. g3 Nc6 5. Bg2 Bd7 6. Nge2 O-O-O 7. O-O h5
8. d3 h4 9. Re1 hxg3 10. hxg3 Qh5 11. Nf4 Qh2+ 12. Kf1 Nf6 13. Be3 e5 14. Nfd5
Bh3 15. Bxh3+ 0-1

[Event "ICS rated standard match"]
[Site "204.178.125.65"]
[Date "1999.12.18"]
[Round "?"]
[White "star"]
[Black "Hossa"]
[Result "1-0"]
[WhiteElo "2416"]
[BlackElo "2270"]
[PlyCount "103"]

1. e4 d5 2. exd5 Qxd5 3. d4 c6 4. Nf3 Bg4 5. Nc3 Qh5 6. Be2 Nd7 7. O-O O-O-O 8.
h3 Bxf3 9. Bxf3 Qa5 10. Qd3 e6 11. Bf4 g5 12. Bh2 h5 13. Rfd1 g4 14. hxg4 hxg4
15. Bxg4 Ngf6 16. Bf3 Bb4 17. Ne4 Rxh2 18. Kxh2 Ne5 19. Qb3 Nxf3+ 20. Qxf3 Nxe4
21. Qxe4 Qh5+ 22. Kg1 Rh8 23. g3 Qh3 24. c3 Bd6 25. Qg2 Qh5 26. Rd2 a5 27. Re1
Be7 28. f4 Bf6 29. Rf2 Qg4 30. f5 e5 31. dxe5 Be7 32. Rf4 Qh5 33. Kf1 Bg5 34.
Rfe4 Bd2 35. R1e2 Bh6 36. g4 Qg5 37. Qg3 Bg7 38. e6 Qc1+ 39. Re1 Qxb2 40. e7
Re8 41. Rd1 Bd4 42. Rexd4 Qb5+ 43. c4 Qb6 44. Qd6 Rxe7 45. Qxe7 Kb8 46. Rd8+
Ka7 47. Qe8 Qd4 48. Ra8+ Kb6 49. Rxd4 f6 50. Qe7 a4 51. Rd7 a3 52. Rxb7# 1-0

[Event "ICS Rated standard match"]
[Site "204.178.125.65"]
[Date "1999.12.18"]
[Round "?"]
[White "Hossa"]
[Black "star"]
[Result "1-0"]
[WhiteElo "2260"]
[BlackElo "2426"]
[PlyCount "119"]

1. e4 c5 2. Nf3 d6 3. d4 cxd4 4. Nxd4 Nf6 5. Nc3 g6 6. Bc4 Bg7 7. f3 Qc7 8. Be2
O-O 9. Be3 Nc6 10. Qd2 Nxd4 11. Bxd4 Be6 12. Nb5 Qb8 13. O-O a6 14. Nc3 Qc7 15.
Rad1 Rac8 16. g4 h6 17. a3 Rfd8 18. Rf2 d5 19. e5 Nd7 20. f4 Qc6 21. Be3 Kh7
22. f5 gxf5 23. gxf5 Bxf5 24. Rxf5 Nxe5 25. Rf2 f5 26. Bd4 e6 27. Rg2 Qc7 28.
Qe3 Rg8 29. Kh1 Bf6 30. Rdg1 Rg5 31. Rxg5 hxg5 32. Rxg5 Bxg5 33. Qxg5 Rf8 34.
Qh4+ Kg8 35. Qg3+ Qg7 36. Qxg7+ Kxg7 37. Bxe5+ Kh6 38. h4 Rc8 39. Kg2 Rd8 40.
h5 d4 41. Na2 Rc8 42. Bd1 Rd8 43. Nc1 Rd5 44. Bf4+ Kh7 45. Nd3 Rd7 46. Be5 Kg8
47. Bf6 Rd6 48. Bf3 Rd7 49. Be5 b6 50. Nf4 Re7 51. Ne2 Kh7 52. Nxd4 b5 53. Kg3
Kh6 54. Kf4 Re8 55. Bf6 Kh7 56. Ke5 Kg8 57. Nxe6 a5 58. Kxf5 Kh7 59. Bd8 Rg8
60. Bxa5 1-0

[Event "ICS rated blitz match"]
[Site "204.178.125.65"]
[Date "1999.12.18"]
[Round "?"]
[White "shizo"]
[Black "Hossa"]
[Result "0-1"]
[WhiteElo "2327"]
[BlackElo "2497"]
[PlyCount "104"]

1. d4 Nf6 2. Nf3 g6 3. g3 Bg7 4. Bg2 O-O 5. O-O d6 6. c4 c5 7. Nc3 cxd4 8. Nxd4
Qb6 9. Nc2 Bd7 10. b3 Nc6 11. Be3 Qa5 12. Bd2 Qh5 13. Rc1 Bh3 14. Bxh3 Qxh3 15.
f3 Rac8 16. e4 Rfe8 17. Qe2 Nd7 18. Qg2 Qxg2+ 19. Kxg2 Nde5 20. Rcd1 Nd3 21.
Ne2 Nb2 22. Rb1 Rf8 23. Ne3 Nd3 24. Rfd1 f5 25. exf5 gxf5 26. Bc3 Bxc3 27. Nxc3
Nc5 28. f4 Ne4 29. Nxe4 fxe4 30. Rd5 Rf6 31. b4 Rc7 32. b5 Na5 33. Rd4 Re6 34.
g4 b6 35. Kg3 Kf8 36. g5 Nb7 37. h4 Rc5 38. h5 Rc7 39. Kg4 Nc5 40. Rh1 Rc8 41.
Kf5 Kf7 42. Rd5 Rg8 43. Ng4 Rf8 44. Ne3 Kg8+ 45. Kg4 Nd3 46. Rh2 Rxf4+ 47. Kg3
Rf3+ 48. Kg4 Rxe3 49. Rf5 Ne5+ 50. Kf4 Nxc4 51. Rc2 Rf3+ 52. Kg4 Ne3+ 0-1

[Event "ICS rated blitz match"]
[Site "204.178.125.65"]
[Date "1999.12.18"]
[Round "?"]
[White "RebelTiger"]
[Black "Hossa"]
[Result "1-0"]
[WhiteElo "2760"]
[BlackElo "2501"]
[PlyCount "90"]

1. d4 Nf6 2. c4 e6 3. Nf3 d5 4. Nc3 Be7 5. Bf4 Nh5 6. Bd2 Nc6 7. e3 Nf6 8. cxd5
exd5 9. Bb5 a6 10. Bxc6+ bxc6 11. Ne5 Qd6 12. Qa4 Bd7 13. O-O O-O 14. Nxd7 Qxd7
15. b3 Qd6 16. Ne2 Rfb8 17. Ng3 Rb5 18. Nf5 Qe6 19. Nxe7+ Qxe7 20. Bc3 Ng4 21.
h3 Nf6 22. Rac1 Ne4 23. Bb2 Qd6 24. Rc2 Qf6 25. Rfc1 Qh4 26. Bc3 Qe7 27. Ba5 c5
28. dxc5 c6 29. Bb6 Qe6 30. a3 Qe5 31. b4 f5 32. Qb3 a5 33. Qa4 f4 34. exf4
Qxf4 35. bxa5 Rf8 36. a6 Re8 37. a7 Ra8 38. Qd4 Qf5 39. Qe3 Rf8 40. Re2 Kh8 41.
f3 Ng3 42. Ree1 Qc8 43. Qc3 Nf5 44. a4 d4 45. Qa3 d3 1-0

[Event "ICS rated blitz match"]
[Site "204.178.125.65"]
[Date "1999.12.18"]
[Round "?"]
[White "Hossa"]
[Black "RebelTiger"]
[Result "0-1"]
[WhiteElo "2495"]
[BlackElo "2780"]
[PlyCount "166"]

1. e4 e5 2. Nf3 Nc6 3. Nc3 Nf6 4. Bb5 Nd4 5. Ba4 Bc5 6. Nxe5 O-O 7. Nd3 Bb6 8.
e5 Ne8 9. O-O d6 10. exd6 Nf6 11. dxc7 Qd6 12. g3 Bh3 13. Re1 Bg4 14. Ne4 Bxd1
15. Nxd6 Bxc2 16. c8=Q Raxc8 17. Nxc8 Rxc8 18. Bxc2 Nxc2 19. Rb1 Rd8 20. Re7
Rxd3 21. Rxb7 Kf8 22. b4 Ne4 23. Rb2 Nd4 24. Kg2 Nf3 25. b5 Bxf2 26. Rb4 Bd4
27. Ra4 Nexd2 28. Rb8+ Ke7 29. Rb7+ Kd8 30. Bxd2 Nxd2 31. Rxf7 Nb1 32. Rf3 Rd2+
33. Kh1 Ke7 34. Rf4 Bb6 35. Rae4+ Kd6 36. a4 Nc3 37. Rc4 Nd1 38. Rc6+ Ke7 39.
Rh4 h6 40. Re4+ Kd7 41. Rec4 Nf2+ 42. Kg2 Nd3+ 43. Kh3 Ne5 44. Rc2 Rd4 45. Rc8
Rxa4 46. Rg8 g6 47. Re2 Bd4 48. Rh8 h5 49. Rd2 Nf3 50. Rd3 Kd6 51. Rg8 g5 52.
Rxf3 g4+ 53. Rxg4 hxg4+ 54. Kxg4 Bg1+ 55. Kg5 Bxh2 56. g4 Rb4 57. Rf6+ Kc5 58.
Rf5+ Kc4 59. b6 Rxb6 60. Kh4 Rh6+ 61. Kg5 Rc6 62. Rf2 Be5 63. Ra2 Rc5 64. Kg6
a5 65. g5 Kb3 66. Rf2 a4 67. Rf7 a3 68. Rb7+ Ka4 69. Ra7+ Ra5 70. Rh7 a2 71.
Rh1 Rb5 72. Rh4+ Rb4 73. Rh7 Bd4 74. Rh1 Rb1 75. Rh7 a1=Q 76. Rh4 Rb8 77. Rf4
Qb1+ 78. Kh5 Qd1+ 79. Kg6 Qd3+ 80. Kf7 Qh7+ 81. Ke6 Re8+ 82. Kd6 Rd8+ 83. Ke6
Qd7# 0-1

[Event "ICS rated bullet match"]
[Site "204.178.125.65"]
[Date "1999.12.18"]
[Round "?"]
[White "Hossa"]
[Black "REDSTAR"]
[Result "1-0"]
[WhiteElo "2511"]
[BlackElo "2237"]
[PlyCount "89"]

1. e4 e5 2. Nf3 f5 3. Nxe5 Qf6 4. Nc4 fxe4 5. Nc3 Qf7 6. Ne3 Nf6 7. Bc4 Qg6 8.
d3 exd3 9. Bxd3 Qf7 10. Bc4 Qg6 11. Qe2 Be7 12. Ncd5 Nxd5 13. Nxd5 Nc6 14.
Nxc7+ Kd8 15. Nxa8 Qxg2 16. Rf1 Re8 17. Kd1 d5 18. f3 Bh3 19. Qxg2 Bxg2 20. Rf2
Bh3 21. Rd2 Kc8 22. Rxd5 Kb8 23. Rh5 Bg2 24. Ke2 Kxa8 25. Kf2 Bh1 26. Be3 Bxf3
27. Kxf3 Rf8+ 28. Ke2 h6 29. Rd1 a6 30. Rd7 Bf6 31. Rf5 Re8 32. Bf7 Rc8 33. Bd5
Na5 34. Bb6 Nc6 35. c3 a5 36. Bxc6 bxc6 37. Rxa5+ Kb8 38. Ba7+ Ka8 39. Bc5+ Kb8
40. Bd6+ Rc7 41. Rxc7 Bd8 42. Rxg7+ Bc7 43. Rxc7 c5 44. Re7+ Kc8 45. Ra8# 1-0

[Event "ICS rated blitz match"]
[Site "204.178.125.65"]
[Date "1999.12.18"]
[Round "?"]
[White "RebelTiger"]
[Black "Hossa"]
[Result "0-1"]
[WhiteElo "2785"]
[BlackElo "2490"]
[PlyCount "154"]

1. d4 Nf6 2. c4 e6 3. Nf3 d5 4. Nc3 Be7 5. Bf4 dxc4 6. e3 Nd5 7. Be5 f6 8. Bg3
Nxc3 9. bxc3 Qd5 10. Bxc7 Nc6 11. Nd2 b5 12. a4 b4 13. cxb4 Bxb4 14. Qc2 Ba6
15. Rb1 Rc8 16. Bf4 O-O 17. f3 e5 18. dxe5 fxe5 19. Bg3 Rcd8 20. Rxb4 Nxb4 21.
Qc3 Nd3+ 22. Bxd3 Qxd3 23. Bxe5 Rfe8 24. Qxd3 Rxd3 25. Nxc4 Bxc4 26. Bf4 Ra3
27. Kf2 Rxa4 28. Rc1 Ra2+ 29. Kg3 Rc8 30. Rb1 Bd3 31. Rd1 Ra3 32. Bd6 Rb3 33.
Ra1 a6 34. Ra2 Bc4 35. Ra3 Rb6 36. Be5 Bf1 37. h4 Rg6+ 38. Kf2 Bxg2 39. e4 Rc2+
40. Ke3 Re6 41. Bd4 Rc4 42. Rd3 Rd6 43. f4 a5 44. e5 Rd8 45. h5 a4 46. e6 Bh3
47. h6 g5 48. fxg5 Bxe6 49. Bb2 Rxd3+ 50. Kxd3 Rg4 51. g6 Rxg6 52. Ke4 Rxh6 53.
Ke5 Rg6 54. Ba3 Kf7 55. Ke4 Rg4+ 56. Kf3 h5 57. Bc5 Rc4 58. Bd6 a3 59. Be5 a2
60. Bb2 Rc1 61. Bxc1 a1=Q 62. Bd2 Qd1+ 63. Ke3 Qxd2+ 64. Kxd2 Kg6 65. Ke3 Kf5
66. Kf3 h4 67. Ke3 Kg4 68. Ke4 Bf5+ 69. Ke3 h3 70. Kf2 Be6 71. Kf1 Kf3 72. Ke1
h2 73. Kd2 h1=Q 74. Kc3 Qe1+ 75. Kc2 Ke3 76. Kb2 Qd1 77. Kc3 Qd2# 0-1

[Event "ICS rated blitz match"]
[Site "204.178.125.65"]
[Date "1999.12.18"]
[Round "?"]
[White "Hossa"]
[Black "RebelTiger"]
[Result "0-1"]
[WhiteElo "2517"]
[BlackElo "2758"]
[PlyCount "64"]

1. e4 e5 2. Nf3 Nf6 3. d4 Nxe4 4. Bd3 d5 5. Nxe5 Nd7 6. Nxd7 Bxd7 7. O-O Qh4 8.
c4 O-O-O 9. c5 g5 10. Nc3 Bg7 11. g3 Qh6 12. Nxd5 Rhe8 13. Nc3 Nxf2 14. Rxf2
Bxd4 15. Qd2 Bh3 16. Bf1 Bxf1 17. Kxf1 Qc6 18. Kg1 Bxc5 19. Nd1 Rxd2 20. Bxd2
Qd5 21. Bb4 Bxb4 22. Nc3 Qe6 23. Na4 Qd7 24. b3 Be1 25. Rb2 Bd2 26. Kg2 Qd5+
27. Kf2 Qd4+ 28. Kf1 Qf6+ 29. Kg1 Re2 30. Rf1 Be3+ 31. Rf2 Qxf2+ 32. Kh1 Qxh2#
0-1